Cik Pembantu Jelita / /

Bibliographic Details
Main Author: Hanny Esandra, 1985- (Author)
Format: Book
Language:Malay
Subjects:
LEADER 00777cam a2200265 7i4500
001 0000068854
005 20200106090000.0
005 ##20200106113900.0
003 ##MY-KlINT
008 191219s2019 my e 000 0 may d
020 # # |a 9789672116561  
039 # 9 |a 202001061139  |b Zuraidah  |c 201912191041  |d aninah  |y 201912191040  |z aninah 
040 # # |a INTS 
082 0 0 |a 899.2333 
090 0 0 |a 899.2333   |b HAN 
100 1 # |a Hanny Esandra,   |d 1985-   |e author 
245 1 0 |a Cik Pembantu Jelita / /   |c HANNY ESANDRA. 
264 # 0 |a Kuala Lumpur  |b Dear Novels Sdn. Bhd  |c [2019?] 
300 # # |a 271 pages;   |c 18cm. 
336 # # |a text  |b rdacontent 
337 # # |a unmediated  |2 rdamedia 
338 # # |a volume  |2 rdacarrier 
583 # # |a LULUS 
650 # 0 |a Malaysian fiction (Malay)  
650 # 0 |a Malay fiction